Pracovná zdravotná služba

Pracovná zdravotná služba je služba pre zamestnávateľov, poskytuje služby v oblasti ochrany a podpory zdravia pri práci. Ochranou zdravia pri práci je zabezpečenie bezpečných pracovných podmienok pre zamestnancov počas práce. Súčasťou takýchto služieb môže byť aj bezpečnosť a ochrana zdravia pri prá...

Descrizione completa

Salvato in:
Dettagli Bibliografici
Autore principale: Jaško, Jozef
Natura: Capitolo di libro
Lingua:slovacco
Soggetti:
Tags: Aggiungi Tag
Nessun Tag, puoi essere il primo ad aggiungerne!!

MARC

LEADER 00000naa a2200000 4500
001 0298871
005 20250228131826.0
041 0 |a slo 
044 |a SK 
245 1 0 |a Pracovná zdravotná služba  |c Jozef Jaško 
520 |a Pracovná zdravotná služba je služba pre zamestnávateľov, poskytuje služby v oblasti ochrany a podpory zdravia pri práci. Ochranou zdravia pri práci je zabezpečenie bezpečných pracovných podmienok pre zamestnancov počas práce. Súčasťou takýchto služieb môže byť aj bezpečnosť a ochrana zdravia pri práci a požiarna ochrana. Je to služba, ktorá sa týka každého zamestnávateľa. 
610 2 0 |a podmienky pracovné 
610 2 0 |a ochrana zdravia 
610 2 0 |a ochrana požiarna 
610 2 0 |a zložky záchranné 
610 2 0 |a zamestnanci 
610 2 0 |a povinnosti zamestnávateľov 
610 2 0 |a právo pracovné 
610 2 0 |a zákony 
100 1 |a Jaško, Jozef